| 000 | 01175nam a2200253Ia 4500 | ||
|---|---|---|---|
| 001 | 270.8-SCh EUS ce pr (10903) | ||
| 003 | IT-MiSPE | ||
| 008 | 171229s9999||||xx |||||||||||||| ||und|| | ||
| 040 |
_aIT-MiSPE _cIT-MiSPE |
||
| 041 | _aFRANCESE | ||
| 100 | _aEusebio di Cesarea (Eusèbe de Césarée) | ||
| 240 | _aPraeparatio evangelica | ||
| 245 | 0 |
_aLa préparation évangélique _bVIII. Livres XII-XIII |
|
| 250 | _a1a ed. (v) | ||
| 260 |
_aParis _bCerf _c1983 |
||
| 300 |
_a493 p. [9 v.] _c20 cm |
||
| 490 |
_a SOURCES Chrétiennes _v307 |
||
| 501 | _aEdizioni San Paolo srl - Piazza Soncino, 5 - 20092 CINISELLO BALSAMO (MI) (non commercial uses only) ® Copyright 2018 | ||
| 520 | _aÉdouard des Places (intr., com.). Ed. bilingue | ||
| 700 |
_aÉdouard des Places _g(traduzione) |
||
| 942 | _cBK | ||
| 957 | _71 | ||
| 999 |
_a14983 _bNO _g Copie: 1 _c346905 _d346905 |
||